Marius y Jeannette = Marius et Jeannette /

Dos personajes que han sufrido desilusiones en su vida, se conocen por casualidad. Su encuentro no es simple ni sencillo porque cada uno teme entregarse por completo a una relación amorosa. Sin embargo, el trato cotidiano les permitirá volverse a dar la oportunidad de ser felices.

Kaydedildi:
Detaylı Bibliyografya
Yazar: Guédiguian, Robert (realización)
Diğer Yazarlar: Milesi, Jean-Louis (guión) (guión), Guédiguian, Robert (guión) (guión), Cavalié, Bernard (fotógrafo) (fotógrafo), Sasia, Bernard (montaje) (montaje), Ascaride, Ariane (actuación) (actuación), Meylan, Gérard (actuación) (actuación), Roberts, Pascale (actuación) (actuación)
Materyal Türü: Saydam/Asetat
Dil:Fransızca
Baskı/Yayın Bilgisi: París, Francia : Agat Films, 1997
Seri Bilgileri:(Muestra Internacional de Cine)
Konular:
Etiketler: Etiketle
Etiket eklenmemiş, İlk siz ekleyin!

MARC

LEADER 00000ngm^a2200000^a^4500
001 000104453
005 20250625000000.0
009 20260310093425.142
037 |a Acervo ITESO - Biblioteca 
041 |a FRA 
082 |a 840.  |b GUE 
100 |a Guédiguian, Robert  |e (realización) 
240 1 1 |a [Marius y Jeannette] 
245 1 0 |a Marius y Jeannette =  |b Marius et Jeannette /  |c Realización de R. Guédiguian. 
264 1 |a París, Francia :  |b Agat Films,  |c 1997 
264 2 |a México :  |b Quality Films [distribución] :  |b Cineteca Nacional [distribución],  |c fecha no identificada 
300 |a 1 videocasete VHS (110 min.) :  |b color 
336 |a imagen móvil bidimensional  |b tdi  |2 rdacontenido 
337 |a video  |b v  |2 rdamedio 
338 |a videocasete  |b vf  |2 rdasoporte 
440 1 |a (Muestra Internacional de Cine) 
520 |a Dos personajes que han sufrido desilusiones en su vida, se conocen por casualidad. Su encuentro no es simple ni sencillo porque cada uno teme entregarse por completo a una relación amorosa. Sin embargo, el trato cotidiano les permitirá volverse a dar la oportunidad de ser felices. 
546 |a En francés, con subtítulos en español 
586 |a Premio Louis-Delluc 1997 (ganadora, ex aequo) 
586 |a Premio César, de la Academia Francesa de Cine (23°: 1998): Mejor Película (finalista) 
586 |a Premio César, de la Academia Francesa de Cine (23°: 1998): Mejor Dirección (finalista: Robert Guédiguian) 
586 |a Premio Goya, de la Academia Española de Cine (13°: 1999): Mejor Película Europea (finalista) 
649 |a XX 
650 |a Personal de Servicio en el Cine 
650 |a Madres Solteras en el Cine 
650 |a Marginados Sociales en el Cine 
650 |a Marginados Sociales -  |z Francia -  |x Condiciones Sociales y Culturales 
650 |a Clase Baja en el Cine 
650 |a Clase Baja -  |z Francia -  |x Condiciones Sociales y Culturales 
650 |a Cine Social y Político 
650 |a Comedias Cinematográficas 
650 |a Cine Francés -  |y 1990-1999 
650 |a Cine Francés -  |y Siglo XX 
650 |a Empleo y Desempleo -  |z Francia 
650 |a Marginación -  |z Francia 
650 |a Problemas Sociales -  |z Francia 
650 |a Amor 
650 |a Relaciones de Pareja 
650 |a Relaciones Intergénero 
650 |a Comunidad 
650 |a Felicidad -  |x Tema Principal 
650 |a Barrios -  |z Marsella, Francia -  |x Condiciones Sociales y Culturales 
650 |a Marsella, Francia en el Cine 
650 |a Marsella, Francia -  |x Condiciones Sociales y Culturales 
700 |a Milesi, Jean-Louis  |e (guión) 
700 |a Guédiguian, Robert  |e (guión) 
700 |a Cavalié, Bernard  |e (fotógrafo) 
700 |a Sasia, Bernard  |e (montaje) 
700 |a Ascaride, Ariane  |e (actuación) 
700 |a Meylan, Gérard  |e (actuación) 
700 |a Roberts, Pascale  |e (actuación) 
910 |a Fondo General 
920 |a Audiovisuales - Videocasetes 
940 |a Películas 
905 |a 301 
901 |a 0500040440  |b IT2  |c VIS  |u 20250521 
902 |a https://opac.biblio.iteso.mx/vufind/Record/000104453